00950nam a2200253 i 4500001001000000003000900010005001700019007000300036008004100039040003000080041000800110082002500118100005200143245006500195264005200260300003600312336002800348337003400376338003000410500006900440500006300509651006300572651006100635000005060DO-SdBNP20260413112621.0ta090729s1979 dr b 000 0 spa d aDO-SdBNPbspacBNPHUerda aspa 4a330.97293bB333h2221 aBatista del Villar, Bolivard1936-4aut.eautor10a¿Hacia dónde va el cambio? /cBolivar Batista del Villar. 4aSanto Domingo :bEditora Alfa & Omega,c©1979. a352 páginas :bmapa ;c20 cm. atextobtxt2rdacontent  asin mediaciónbn2rdamedia  avolumen bnc2rdacarrier  aIncluye referencias bibliográficos al final de los capítulos aIncluye anexos : Leyes, decretos, Resoluciones y Contratos 7aRepública DominicanaxCondiciones económicas2LIBRUNAM 7aRepública DominicanaxPolítica y gobierno2LIBRUNAM